[Event "Senta op 23rd"]
[Site "Senta"]
[Date "2019.07.19"]
[Round "1"]
[White "Nadj Hedjesi, Balind"]
[Black "Pajzer, Istvan"]
[Result "1-0"]
[WhiteElo "2298"]
[BlackElo "2041"]
[PlyCount "57"]
[EventDate "2019.07.19"]
[EventType "swiss"]
[EventRounds "9"]
[EventCountry "SRB"]
[SourceTitle "EXT 2020"]
[Source "ChessBase"]
[SourceDate "2019.10.17"]
[SourceVersion "1"]
[SourceVersionDate "2019.10.17"]
[SourceQuality "1"]

1. e4 c5 2. a3 Nc6 3. b4 cxb4 4. axb4 Nxb4 5. d4 d5 6. Ba3 e6 7. e5 Be7 8. c3 Nc6 9. Bc1 Bd7 10. Bd3 f5 11. g4 g6 12. gxf5 exf5 13. Ne2 Bg5 14. h4 Bxc1 15. Qxc1 Be6 16. Na3 Nge7 17. Nb5 0-0 18. h5 a6 19. Nd6 Qd7 20. Qh6 Rf7 21. Nxf7 Bxf7 22. Nf4 Nd8 23. hxg6 Bxg6 24. Nh5 Bxh5 25. Rxh5 Ng6 26. Bxf5 Qg7 27. Qxg7+ Kxg7 28. Kd2 Nc6 29. Rah1 1-0

[Event "Subotica City-ch"]
[Site "Subotica"]
[Date "2019.02.27"]
[Round "2"]
[White "Pajzer, Istvan"]
[Black "Nadj Hedjesi, Balind"]
[Result "0-1"]
[WhiteElo "2045"]
[BlackElo "2280"]
[PlyCount "60"]
[EventDate "2019.02.25"]
[EventType "swiss"]
[EventRounds "9"]
[EventCountry "SRB"]
[SourceTitle "CBM 189 Extra"]
[Source "ChessBase"]
[SourceDate "2019.05.31"]
[SourceVersion "1"]
[SourceVersionDate "2019.05.31"]
[SourceQuality "1"]

1. e4 d6 2. d4 a6 3. Bd3 e5 4. c3 g6 5. Ne2 Bg7 6. 0-0 Ne7 7. f4 exd4 8. cxd4 Nbc6 9. d5 Nd4 10. Nbc3 Bg4 11. h3 Nxe2+ 12. Nxe2 Bd7 13. Be3 0-0 14. g4 Re8 15. Bd4 Bxd4+ 16. Nxd4 c5 17. Nf3 Qb6 18. Rf2 Bb5 19. f5 gxf5 20. exf5 Nxd5 21. Bxb5 Ne3 22. Qa4 axb5 23. Qf4 f6 24. g5 Ra4 25. Qh2 Qd8 26. Kh1 fxg5 27. Nxg5 Qxg5 28. Rg1 Ng4 29. hxg4 Rxg4 30. Rxg4 Qxg4 0-1

[Event "Senta op 22nd"]
[Site "Senta"]
[Date "2018.07.15"]
[Round "2"]
[White "Pajzer, Istvan"]
[Black "Konyves, Almos"]
[Result "1-0"]
[WhiteElo "2037"]
[BlackElo "1799"]
[PlyCount "59"]
[EventDate "2018.07.14"]
[EventType "swiss"]
[EventRounds "9"]
[EventCountry "SRB"]
[SourceTitle "CBM 185 Extra"]
[Source "ChessBase"]
[SourceDate "2018.07.29"]
[SourceVersion "1"]
[SourceVersionDate "2018.07.29"]
[SourceQuality "1"]

1. d4 d5 2. c4 e6 3. Nc3 Nf6 4. Bg5 Be7 5. e3 h6 6. Bxf6 Bxf6 7. Nf3 0-0 8. Rc1 c6 9. Bd3 Nd7 10. 0-0 a6 11. e4 dxc4 12. Bxc4 b5 13. Bd3 c5 14. e5 Be7 15. d5 Bb7 16. dxe6 Bxf3 17. Qxf3 Nxe5 18. exf7+ Rxf7 19. Bh7+ Kxh7 20. Qe4+ Ng6 21. Rcd1 Qf8 22. Nd5 Bf6 23. Nf4 Qe8 24. Qxg6+ Kh8 25. Rfe1 Re7 26. Rxe7 Qxe7 27. Qf5 Qc7 28. Ng6+ Kh7 29. Nf8+ Kg8 30. Qd5+ 1-0

[Event "Senta op 22nd"]
[Site "Senta"]
[Date "2018.07.15"]
[Round "3"]
[White "Vranic, Ljubomir"]
[Black "Pajzer, Istvan"]
[Result "1-0"]
[WhiteElo "2236"]
[BlackElo "2037"]
[PlyCount "95"]
[EventDate "2018.07.14"]
[EventType "swiss"]
[EventRounds "9"]
[EventCountry "SRB"]
[SourceTitle "CBM 185 Extra"]
[Source "ChessBase"]
[SourceDate "2018.07.29"]
[SourceVersion "1"]
[SourceVersionDate "2018.07.29"]
[SourceQuality "1"]

1. d4 Nf6 2. Nc3 d5 3. Bg5 e6 4. e4 dxe4 5. Nxe4 Be7 6. Bxf6 Bxf6 7. Nf3 0-0 8. c3 b6 9. Bd3 Bb7 10. Qe2 Nd7 11. 0-0-0 Rb8 12. h4 b5 13. Kb1 Bd5 14. Qc2 c6 15. Rh3 Qa5 16. b3 Rfc8 17. Nc5 Nxc5 18. dxc5 Qa3 19. Bxh7+ Kf8 20. Ng5 Qxc5 21. Be4 a5 22. Nh7+ Ke7 23. Nxf6 gxf6 24. Re3 Rd8 25. Bxd5 cxd5 26. Rf3 Rbc8 27. Qd2 Qd6 28. Re1 b4 29. Qd4 e5 30. Qa7+ Rd7 31. Qxa5 bxc3 32. Rxc3 Rxc3 33. Qxc3 d4 34. Qd3 Rc7 35. h5 Rc3 36. Qd2 Qb4 37. Rd1 Qb7 38. f3 Qc8 39. h6 Kf8 40. Kb2 Kg8 41. Rc1 Rxc1 42. Qxc1 Qf5 43. Qd2 Qe6 44. a4 f5 45. Qg5+ Qg6 46. Qxg6+ fxg6 47. a5 e4 48. a6 1-0

[Event "Subotica-ch op"]
[Site "Subotica"]
[Date "2017.02.24"]
[Round "2"]
[White "Nadj Hedjesi, Balind"]
[Black "Pajzer, Istvan"]
[Result "1-0"]
[WhiteElo "2328"]
[BlackElo "2072"]
[PlyCount "51"]
[EventDate "2017.02.22"]
[EventType "swiss"]
[EventRounds "9"]
[EventCountry "SRB"]
[SourceTitle "CBM 177 Extra"]
[Source "ChessBase"]
[SourceDate "2017.04.27"]
[SourceVersion "1"]
[SourceVersionDate "2017.04.27"]
[SourceQuality "1"]

1. b3 Nf6 2. Bb2 c5 3. e3 Nc6 4. f4 d5 5. Bb5 Bg4 6. Bxc6+ bxc6 7. Nf3 e6 8. h3 Bxf3 9. Qxf3 a5 10. Nc3 Be7 11. 0-0 0-0 12. Na4 Nd7 13. Rac1 Nb6 14. Qg4 g6 15. Nxb6 Qxb6 16. f5 exf5 17. Rxf5 a4 18. Rcf1 axb3 19. axb3 Ra2 20. Rxf7 Rxb2 21. Qe6 Rxf7 22. Qxf7+ Kh8 23. Qe8+ Kg7 24. Qxe7+ Kh6 25. Qh4+ Kg7 26. Qf6+ 1-0

[Event "Senta op 20th"]
[Site "Senta"]
[Date "2016.07.28"]
[Round "8"]
[White "Pajzer, Istvan"]
[Black "Lalic, Danka"]
[Result "1/2-1/2"]
[WhiteElo "2112"]
[BlackElo "1849"]
[PlyCount "83"]
[EventDate "2016.07.22"]
[EventType "swiss"]
[EventRounds "9"]
[EventCountry "SRB"]
[SourceTitle "EXT 2017"]
[Source "ChessBase"]
[SourceDate "2016.10.25"]
[SourceVersion "1"]
[SourceVersionDate "2016.10.25"]
[SourceQuality "1"]

1. d4 d6 2. c4 Nf6 3. Nc3 g6 4. e4 Bg7 5. f3 Nc6 6. Be3 a6 7. Qd2 0-0 8. g4 Rb8 9. 0-0-0 e5 10. Nge2 b5 11. d5 Na5 12. Ng3 Nxc4 13. Bxc4 bxc4 14. h4 Bd7 15. h5 Qe7 16. Rdg1 Rb7 17. Nf5 Bxf5 18. gxf5 Rfb8 19. hxg6 hxg6 20. fxg6 Rxb2 21. gxf7+ Kxf7 22. Qxb2 Rxb2 23. Kxb2 Qd8 24. Ka1 Qb8 25. Rb1 Qc8 26. Rh2 Ne8 27. Ne2 c6 28. Nc3 Nf6 29. Bg5 cxd5 30. Bxf6 Bxf6 31. Nxd5 Qc5 32. Rb7+ Kg6 33. Rc2 Qd4+ 34. Kb1 Qd1+ 35. Kb2 Qxf3 36. Rb6 Qxe4 37. Rxd6 Qd4+ 38. Kb1 Qd1+ 39. Kb2 Qd4+ 40. Kc1 Qg1+ 41. Kb2 Qd4+ 42. Kb1 1/2-1/2

[Event "Senta op 20th"]
[Site "Senta"]
[Date "2016.07.27"]
[Round "7"]
[White "Pajzer, Istvan"]
[Black "Kovacs, Arthur"]
[Result "0-1"]
[WhiteElo "2112"]
[BlackElo "2007"]
[PlyCount "124"]
[EventDate "2016.07.22"]
[EventType "swiss"]
[EventRounds "9"]
[EventCountry "SRB"]
[SourceTitle "EXT 2017"]
[Source "ChessBase"]
[SourceDate "2016.10.25"]
[SourceVersion "1"]
[SourceVersionDate "2016.10.25"]
[SourceQuality "1"]

1. d4 d5 2. c4 e6 3. Nc3 Nf6 4. Bg5 Be7 5. e3 h6 6. Bh4 0-0 7. Nf3 b6 8. Bxf6 Bxf6 9. cxd5 exd5 10. Bd3 Bb7 11. Rc1 c5 12. Bb1 Nc6 13. Ne2 g6 14. dxc5 Bxb2 15. Rc2 Bf6 16. 0-0 Nb4 17. Rd2 bxc5 18. a3 Na6 19. Ba2 Nc7 20. Qc2 Qe7 21. Nf4 c4 22. Rfd1 Rfd8 23. h4 Qe4 24. Qc1 c3 25. Re2 Ba6 26. Bb1 Bxe2 27. Nxe2 Qc4 28. Ned4 Rab8 29. Bd3 Qc5 30. h5 g5 31. Nf5 Bg7 32. Nxg7 Kxg7 33. Nd4 Ne6 34. Nf5+ Kf8 35. Nxh6 c2 36. Qxc2 Qxc2 37. Bxc2 d4 38. e4 d3 39. Rxd3 Rxd3 40. Bxd3 Rb3 41. Bc4 Rxa3 42. Nf5 Ng7 43. Ng3 Ne6 44. h6 Kg8 45. Nf5 Kh7 46. g3 Ra4 47. Bd5 Nd4 48. Nd6 f5 49. Nf7 Kg6 50. exf5+ Nxf5 51. h7 Kxh7 52. Nxg5+ Kg6 53. Ne6 Ra1+ 54. Kg2 a5 55. g4 Nd6 56. f4 a4 57. f5+ Kf6 58. Nc5 a3 59. Nd7+ Kg5 60. f6 Rd1 61. f7 Nxf7 62. Bxf7 Rxd7 0-1

[Event "Senta op 20th"]
[Site "Senta"]
[Date "2016.07.24"]
[Round "4"]
[White "Tomin, Kristifor"]
[Black "Pajzer, Istvan"]
[Result "1-0"]
[WhiteElo "1857"]
[BlackElo "2112"]
[PlyCount "75"]
[EventDate "2016.07.22"]
[EventType "swiss"]
[EventRounds "9"]
[EventCountry "SRB"]
[SourceTitle "EXT 2017"]
[Source "ChessBase"]
[SourceDate "2016.10.25"]
[SourceVersion "1"]
[SourceVersionDate "2016.10.25"]
[SourceQuality "1"]

1. Nf3 c5 2. e4 d6 3. d4 cxd4 4. Nxd4 Nf6 5. Bd3 e6 6. 0-0 Be7 7. h3 a6 8. c3 0-0 9. f4 Nbd7 10. Qf3 Qc7 11. Nd2 b5 12. Kh1 Bb7 13. a4 bxa4 14. Rxa4 Nc5 15. Ra1 Nxd3 16. Qxd3 Rac8 17. Ra4 Qb8 18. b4 Nd7 19. c4 Bf6 20. Ra2 Bxd4 21. Qxd4 Rcd8 22. Qe3 f5 23. exf5 exf5 24. Qe6+ Kh8 25. Bb2 Qc7 26. Re1 Nf6 27. Qxf5 Ne4 28. Qa5 Nf2+ 29. Kg1 Qf7 30. Qg5 Ne4 31. Nxe4 Rfe8 32. Kh2 h6 33. Qxh6+ Kg8 34. Qg5 Kf8 35. f5 d5 36. Nd6 Rxd6 37. Bxg7+ Qxg7 38. Rxe8+ 1-0

[Event "Senta op 20th"]
[Site "Senta"]
[Date "2016.07.23"]
[Round "2"]
[White "Pajzer, Istvan"]
[Black "Besedes, Danilo"]
[Result "0-1"]
[WhiteElo "2112"]
[BlackElo "2306"]
[PlyCount "116"]
[EventDate "2016.07.22"]
[EventType "swiss"]
[EventRounds "9"]
[EventCountry "SRB"]
[SourceTitle "EXT 2017"]
[Source "ChessBase"]
[SourceDate "2016.10.25"]
[SourceVersion "1"]
[SourceVersionDate "2016.10.25"]
[SourceQuality "1"]

1. d4 Nf6 2. c4 g6 3. Nc3 d5 4. cxd5 Nxd5 5. e4 Nxc3 6. bxc3 Bg7 7. Bc4 c5 8. Ne2 0-0 9. 0-0 Nc6 10. Be3 Qc7 11. Rc1 b6 12. Qd2 Bb7 13. f4 Rad8 14. f5 Ne5 15. Bd3 Nxd3 16. Qxd3 Qc6 17. fxg6 hxg6 18. Ng3 cxd4 19. cxd4 Qa4 20. Rfd1 Rc8 21. Qd2 Rfd8 22. d5 Be5 23. Bf4 Bxf4 24. Qxf4 Rxc1 25. Rxc1 Qd4+ 26. Qf2 Qe5 27. h4 Rc8 28. Rxc8+ Bxc8 29. Qf3 e6 30. h5 exd5 31. hxg6 fxg6 32. exd5 Qd4+ 33. Kh2 Qh4+ 34. Kg1 Qd4+ 35. Kh2 Bb7 36. Ne4 Kg7 37. Nc3 Qh4+ 38. Kg1 Qe1+ 39. Kh2 Qe5+ 40. Kg1 b5 41. a3 Qe7 42. Qd3 Qxa3 43. Qd4+ Kg8 44. Qf6 Qc1+ 45. Kh2 Qh6+ 46. Kg3 Qg7 47. Qe6+ Qf7 48. Nxb5 Qxe6 49. dxe6 a5 50. Nd6 Bc6 51. Kf4 a4 52. Nc4 Bd5 53. e7 Kf7 54. Ne5+ Kxe7 55. Nxg6+ Kd6 56. Nh4 a3 57. Nf5+ Kc5 58. Ne3 Bb3 0-1

[Event "Subotica-ch op"]
[Site "Subotica"]
[Date "2016.03.07"]
[Round "7"]
[White "Pajzer, Istvan"]
[Black "Juhasz, Jeno"]
[Result "1-0"]
[WhiteElo "2056"]
[BlackElo "1941"]
[PlyCount "43"]
[EventDate "2016.02.22"]
[EventType "swiss"]
[EventRounds "9"]
[EventCountry "SRB"]
[SourceTitle "CBM 171 Extra"]
[Source "ChessBase"]
[SourceDate "2016.04.26"]
[SourceVersion "1"]
[SourceVersionDate "2016.04.26"]
[SourceQuality "1"]

1. d4 d5 2. c4 Nc6 3. cxd5 Qxd5 4. Nf3 e6 5. Nc3 Bb4 6. Bf4 Qa5 7. Qc2 Nf6 8. g3 Ne7 9. Bg2 Ned5 10. Bd2 c6 11. 0-0 Qd8 12. Nxd5 Nxd5 13. e4 Bxd2 14. exd5 Bh6 15. dxc6 bxc6 16. Ne5 Bb7 17. Bxc6+ Bxc6 18. Qxc6+ Kf8 19. Rad1 Rc8 20. Qf3 Qc7 21. Kg2 g6 22. Rc1 1-0

[Event "Subotica-ch op"]
[Site "Subotica"]
[Date "2016.02.29"]
[Round "4"]
[White "Pajzer, Istvan"]
[Black "Farkas, Tibor"]
[Result "0-1"]
[WhiteElo "2056"]
[BlackElo "2271"]
[PlyCount "120"]
[EventDate "2016.02.22"]
[EventType "swiss"]
[EventRounds "9"]
[EventCountry "SRB"]
[SourceTitle "CBM 171 Extra"]
[Source "ChessBase"]
[SourceDate "2016.04.26"]
[SourceVersion "1"]
[SourceVersionDate "2016.04.26"]
[SourceQuality "1"]

1. d4 Nf6 2. c4 g6 3. Nc3 Bg7 4. e4 d6 5. f3 e5 6. Nge2 c6 7. Be3 Nbd7 8. Qd2 0-0 9. g4 h5 10. gxh5 Nxh5 11. 0-0-0 Qa5 12. Ng3 Ndf6 13. Be2 Re8 14. Rdg1 Bh3 15. Kb1 a6 16. Bd1 Qb4 17. Bb3 Be6 18. d5 cxd5 19. exd5 Bd7 20. Qc2 Rac8 21. Nce4 Nxg3 22. hxg3 Bf5 23. g4 Bxe4 24. fxe4 b5 25. a3 Qa5 26. Qh2 bxc4 27. Bh6 cxb3 28. Bxg7 Nh5 29. gxh5 Rc2 30. hxg6 Rxh2 31. gxf7+ Kxf7 32. Rxh2 Rg8 33. Rf1+ Ke8 34. Bh6 Qb5 35. Rd1 Qc4 36. Re1 Rh8 37. Ka1 Rh7 38. Rh3 Qb5 39. Reh1 a5 40. Rh4 a4 41. Rc1 Qe2 42. Rch1 Kd7 43. Kb1 Kc8 44. Ka1 Kb7 45. R4h3 Qxe4 46. Rh4 Qxd5 47. Rc1 e4 48. Rch1 Qe6 49. Kb1 d5 50. Ka1 d4 51. Kb1 Qg6 52. Ka1 Ka6 53. R4h2 e3 54. Rh4 e2 55. R4h2 Kb7 56. Rxe2 Rxh6 57. Rhe1 d3 58. Re7+ Kb6 59. Rd7 Qe6 60. Rxe6+ Rxe6 0-1

[Event "Subotica-ch op"]
[Site "Subotica"]
[Date "2016.02.22"]
[Round "1"]
[White "Varga, Imre"]
[Black "Pajzer, Istvan"]
[Result "0-1"]
[WhiteElo "1738"]
[BlackElo "2056"]
[PlyCount "64"]
[EventDate "2016.02.22"]
[EventType "swiss"]
[EventRounds "9"]
[EventCountry "SRB"]
[SourceTitle "CBM 171 Extra"]
[Source "ChessBase"]
[SourceDate "2016.04.26"]
[SourceVersion "1"]
[SourceVersionDate "2016.04.26"]
[SourceQuality "1"]

1. e4 c5 2. f4 Nc6 3. Nf3 g6 4. d3 Bg7 5. c3 d6 6. Be2 Bg4 7. 0-0 Nf6 8. h3 Bxf3 9. Bxf3 0-0 10. Be3 Nd7 11. Nd2 f5 12. Qb3+ Kh8 13. exf5 Na5 14. Qc2 gxf5 15. Rae1 e5 16. b4 cxb4 17. cxb4 Rc8 18. Qa4 Nc6 19. b5 Nb6 20. Qa3 exf4 21. Bxf4 Ne5 22. Bxb7 Rc3 23. Qxa7 Nxd3 24. Be3 Nd7 25. Rb1 N7c5 26. Nb3 Qe7 27. Bd2 Rc2 28. Nxc5 Nxc5 29. Bf4 Bd4+ 30. Kh1 Qxb7 31. Qxb7 Nxb7 32. a4 Rg8 0-1